Zaradiť osobný automobil do podnikania?

Novelizácia zákona o daniach z príjmov, upravuje daňové výdavky podnikateľa, ktoré sú spojené s využívaním osobného automobilu. Modelové situácie na riešenie danej problematiky.

Guardado en:
Detalles Bibliográficos
Autor principal: Strählová, Jarmila
Formato: Capítulo de libro
Lenguaje:eslovaco
Materias:
Etiquetas: Agregar Etiqueta
Sin Etiquetas, Sea el primero en etiquetar este registro!

MARC

LEADER 00000naa a2200000 4500
001 r042164
005 20230801095847.7
041 0 |a slo 
044 |a SK 
245 1 0 |a Zaradiť osobný automobil do podnikania?  |c Jarmila Strählová 
520 |a Novelizácia zákona o daniach z príjmov, upravuje daňové výdavky podnikateľa, ktoré sú spojené s využívaním osobného automobilu. Modelové situácie na riešenie danej problematiky. 
610 2 0 |a dane 
610 2 0 |a náklady daňové 
610 2 0 |a automobily osobné 
610 2 0 |a odpisy daňové 
610 2 0 |a úpravy právne 
610 2 0 |a Slovensko 
100 1 |a Strählová, Jarmila